Miss Teen South Carolina's 2007 speech Quiz Stats

 Plays Quiz Updated Dec 26, 2012

Also try: Pop-Tart Flavors
Challenge
Share
Tweet
Embed
Score 0/91 Timer 06:00
0 Plays Today
Speech % Correct
I
96.1%
I
96.1%
I
96.1%
the
84.5%
the
84.5%
the
84.5%
the
84.5%
the
84.5%
be
74.4%
and
67.8%
and
67.8%
and
67.8%
and
67.8%
and
67.8%
that
66.2%
that
66.2%
that
66.2%
believe
63.4%
believe
63.4%
believe
63.4%
do
61.2%
we
58.5%
U.S.
56.8%
U.S.
56.8%
U.S.
56.8%
to
54.4%
to
54.4%
in
54%
in
54%
in
54%
so
53.6%
Speech % Correct
so
53.6%
have
48.6%
as
48%
as
48%
like
46%
like
46%
don't
45.7%
are
44.8%
Iraq
44.3%
Iraq
44.3%
people
44%
for
42.5%
maps
42.4%
uh
42.3%
uh
42.3%
uh
42.3%
uh
42.3%
uh
42.3%
uh
42.3%
Americans
39.2%
children
39.1%
they
37.5%
should
36.5%
should
36.5%
should
36.5%
should
36.5%
Africa
36.2%
Africa
36.2%
such
35.6%
such
35.6%
will
34.9%
Speech % Correct
our
34.8%
our
34.8%
our
34.8%
our
34.8%
our
34.8%
education
33.1%
education
33.1%
because
32.3%
South
31.3%
South
31.3%
there
30.9%
some
29.2%
countries
28.1%
personally
24.2%
or
23.6%
help
23.4%
help
23.4%
help
23.4%
out
19.6%
able
19.5%
nation
19%
future
18.3%
unable
18.1%
up
15.9%
here
15.2%
over
13.5%
Asian
13%
build
9.7%
everywhere
7.7%

You're not logged in!

Compare scores with friends on all Sporcle quizzes.
Join for Free
OR
Log In

You Might Also Like...

Show Comments

Extras

Top Quizzes Today


Score Distribution

Your Account Isn't Verified!

In order to create a playlist on Sporcle, you need to verify the email address you used during registration. Go to your Sporcle Settings to finish the process.

Report this User

Report this user for behavior that violates our Community Guidelines.

Details: